[Event "BADIJ"]
[Site "SchemingMind.com"]
[Date "2017.08.26"]
[Round "-"]
[White "flyinduck"]
[Black "frankly"]
[Result "0-1"]
[WhiteCountry "CAN"]
[BlackCountry "ENG"]
[WhiteElo "2031"]
[WhiteRD "67"]
[BlackElo "2625"]
[BlackRD "62"]
[GameID "417584"]

1. e4 c5 2. Nf3 Nc6 3. d4 cxd4 4. Nxd4 Nf6 5. Nc3 e5 6. Ndb5 d6 7. Bg5 a6 8. Na3 b5 9. Bxf6 gxf6 10. Nd5 Bg7
11. Bd3 O-O 12. Qh5 Ne7 13. Nxe7+ Qxe7 14. g4 d5 15. O-O-O d4 16. h4 Be6 17. Kb1 Rfc8 18. Ka1 b4 19. Nb1 a5 20. g5 a4
21. gxf6 Qxf6 22. Rdg1 b3 23. cxb3 axb3 24. a3 Kh8 25. Qg5 Qh6 26. Rg2 f6 27. Qg3 Bf8 28. Rhg1 Bxa3 29. bxa3 Rg8
0-1

[Event "BADIJ"]
[Site "SchemingMind.com"]
[Date "2017.08.21"]
[Round "-"]
[White "frankly"]
[Black "JAHI"]
[Result "1-0"]
[WhiteCountry "ENG"]
[BlackCountry "INT"]
[WhiteElo "2533"]
[WhiteRD "59"]
[BlackElo "1990"]
[BlackRD "68"]
[GameID "417585"]

1. e4 c6 2. d4 d6 3. Nc3 d5 4. Bd3 dxe4 5. Nxe4 Qxd4 6. Nf3 Qb6 7. Qe2 e6 8. O-O Nd7 9. Neg5 Be7 10. Re1 Nc5
11. Bxh7 Nf6 12. Ne5 Qa6 13. Qf3 Qa5 14. c3 Rxh7 15. b4 Qb5 16. bxc5 Rh5 17. Ngxf7 Rf5 18. Qh3 Qxc5 19. Be3 Rh5 20. Qg3 Qxc3
21. Qg6 Rf5 22. Rac1 Qa3 23. Red1 Bd7 24. Rxd7 Qxc1+ 25. Bxc1 Nxd7 26. Ng5+ Rf7 27. Qxf7+ Kd8 28. Nxe6+ Kc8 29. Qe8+ Bd8 30. Qxd8#
1-0

[Event "BADIJ"]
[Site "SchemingMind.com"]
[Date "2017.08.21"]
[Round "-"]
[White "JAHI"]
[Black "frankly"]
[Result "0-1"]
[WhiteCountry "INT"]
[BlackCountry "ENG"]
[WhiteElo "2034"]
[WhiteRD "63"]
[BlackElo "2543"]
[BlackRD "60"]
[GameID "417586"]

1. c3 d5 2. c4 d4 3. e3 c5 4. exd4 cxd4 5. b3 e5 6. Bb2 e4 7. f3 Nc6 8. fxe4 Nf6 9. Nf3 Bc5 10. Bd3 Bg4
11. Qe2 Nh5 12. e5 Nf4 13. Qe4 Nxd3+ 14. Qxd3 Qe7 15. Kd1 Nxe5 16. Qf1 O-O 17. d3 Rfe8 18. Nd2 Bh5 19. Kc1 b5 20. cxb5 Rac8
21. Nc4 Nxc4 22. bxc4 Bg6 23. a3 Bb6 24. Qd1 Qe3+ 25. Qd2 Qxd3 26. Qxd3 Bxd3 27. Re1 Re3 28. Rxe3 dxe3 29. Bc3 Rxc4 30. Kb2 Rg4
31. g3 Bxb5 32. Re1 Re4 33. Rb1 Ba4 34. Rc1 f6 35. Be1 Kf7 36. Rc8 Bd1 37. Ng1 Re5 38. Kc1 Bg4 39. Rc4 Be6 40. Rb4 Rf5
41. Rf4 Rxf4 42. gxf4 Bg4 43. h3 Bh5 44. h4 Bg4 45. a4 e2 46. Nxe2 Bxe2 47. Bd2 Ke6 48. Bb4 Be3+ 49. Bd2 Bxd2+ 50. Kxd2 Bh5
51. Ke3 Kf5 52. a5 g6 53. a6 Bd1 54. Kd2 Kxf4 55. Kxd1 Ke3 56. Kc2 g5 57. Kd1 gxh4 58. Ke1 f5 59. Kf1 f4 60. Ke1 f3
61. Kf1 h3 62. Kg1 f2+ 63. Kf1 h2 64. Kg2 h1=Q+ 65. Kxh1 f1=Q+ 66. Kh2 Qxa6 67. Kg1 Qe2 68. Kh1 h5 69. Kg1 h4 70. Kh1 h3
71. Kg1 Qg2#
0-1

[Event "BADIJ"]
[Site "SchemingMind.com"]
[Date "2017.08.26"]
[Round "-"]
[White "Helga1946"]
[Black "flyinduck"]
[Result "1-0"]
[WhiteCountry "GER"]
[BlackCountry "CAN"]
[WhiteElo "2228"]
[WhiteRD "67"]
[BlackElo "2067"]
[BlackRD "65"]
[GameID "417587"]

1. e4 c5 2. Nf3 e6 3. Nc3 a6 4. d4 cxd4 5. Qxd4 Nc6 6. Qd3 Qc7 7. a3 b5 8. Bg5 Nge7 9. Be3 Ng6 10. Rd1 Be7
11. Qd2 O-O 12. h4 Nge5 13. Nxe5 Nxe5 14. h5 d6 15. h6 g6 16. Qd4 Bf6 17. Qxd6 Qxd6 18. Rxd6 Nc4 19. Bxc4 bxc4 20. O-O Rb8
21. Bd4 Bxd4 22. Rxd4 Rxb2 23. Rc1 e5 24. Rxc4 Be6 25. Nd5 f5 26. Rc6 Bc8 27. Ne7+
1-0

[Event "BADIJ"]
[Site "SchemingMind.com"]
[Date "2017.08.26"]
[Round "-"]
[White "flyinduck"]
[Black "Helga1946"]
[Result "0-1"]
[WhiteCountry "CAN"]
[BlackCountry "GER"]
[WhiteElo "2081"]
[WhiteRD "68"]
[BlackElo "2249"]
[BlackRD "67"]
[GameID "417588"]

1. e4 e5 2. Nf3 Nc6 3. Bc4 Bc5 4. b4 Bxb4 5. c3 Bd6 6. O-O Qf6 7. d4 h6 8. Be3 Nge7 9. a4 b6 10. Na3 Bxa3
11. Rxa3 d6 12. Ne1 Na5 13. Bb5+ c6 14. Bd3 Ng6 15. g3 Bh3 16. Ng2 h5 17. f4 Qe7 18. Ra2 f6 19. c4 h4 20. f5 exd4
21. Bxd4 Bxg2 22. Rxg2 Ne5 23. Qe2 hxg3 24. Rxg3 O-O-O 25. Kh1 Rh7 26. Rfg1 Kb8 27. R1g2 Nb3 28. Bg1 Nc1 29. Qd2 Ncxd3 30. Rxd3 Nxd3
31. Qxd3 Rh4 32. a5 bxa5 33. Qa3 Qxe4
0-1

[Event "BADIJ"]
[Site "SchemingMind.com"]
[Date "2017.08.26"]
[Round "-"]
[White "Helga1946"]
[Black "JAHI"]
[Result "1-0"]
[WhiteCountry "GER"]
[BlackCountry "INT"]
[WhiteElo "2228"]
[WhiteRD "67"]
[BlackElo "2136"]
[BlackRD "72"]
[GameID "417589"]

1. e4 g6 2. d4 Bg7 3. d5 e6 4. dxe6 fxe6 5. c3 d6 6. Bb5+ c6 7. Bf1 d5 8. Be3 dxe4 9. Qxd8+ Kxd8 10. Nh3 Ne7
11. Nd2 Nd5 12. Nxe4 Nxe3 13. fxe3 Nd7 14. Bc4 Nf6 15. Nxf6 Bxf6 16. Nf2 Rf8 17. h4 Kc7 18. h5 g5 19. O-O Bd7 20. Ng4 Bh8
21. Bd3 e5 22. Nh6 Bg7 23. Nf5 Bh8 24. Ng3 h6 25. Bf5 Be8 26. Rad1 Rd8 27. Rxd8 Kxd8 28. Rd1+ Kc7 29. Bg4 Rf7 30. Nf5 Rf6
31. e4 a6 32. b4 b6 33. c4 c5 34. Ne7 Rf7 35. Nd5+ Kc6 36. a4 Kb7 37. bxc5 Bxa4 38. Rb1 b5 39. cxb5 Bxb5 40. Be6 Rh7
41. Rc1 Kc6 42. Nb4+ Kc7 43. c6 Kd6 44. Bd7 Ba4 45. Nd5 Bb5 46. Nb6 Rxd7 47. cxd7 Bf6 48. Rd1+ Kc6 49. d8=Q Bxd8 50. Rxd8 Kxb6
51. Rd6+ Kc7 52. Rxh6 Bd3 53. Re6 Bxe4 54. Rxe5 Bd3 55. Rxg5 Kd6 56. h6 Ke6 57. Rg7 Kd6 58. h7 Bxh7 59. Rxh7 Ke6 60. Rh5 Kd7
61. g4 Kc7 62. g5 Kd8 63. g6 Ke7 64. Rf5 Ke6 65. Rf8 Kd6 66. g7 Ke5 67. g8=Q Kd4 68. Qg4+ Ke5 69. Rf5+ Kd6 70. Qg6+ Ke7
71. Rf7+ Ke8 72. Qg8#
1-0

[Event "BADIJ"]
[Site "SchemingMind.com"]
[Date "2017.08.26"]
[Round "-"]
[White "JAHI"]
[Black "Helga1946"]
[Result "0-1"]
[WhiteCountry "INT"]
[BlackCountry "GER"]
[WhiteElo "2136"]
[WhiteRD "72"]
[BlackElo "2228"]
[BlackRD "67"]
[GameID "417590"]

1. g3 d5 2. Bg2 e5 3. c3 Be7 4. c4 dxc4 5. Qa4+ c6 6. Qxc4 Be6 7. Qc2 Bd5 8. Nf3 Nf6 9. Nc3 Nbd7 10. b3 Bxf3
11. Bxf3 Bc5 12. a3 O-O 13. Bb2 Re8 14. d3 Bd4 15. Rc1 Nf8 16. e3 Bxc3+ 17. Qxc3 Qd7 18. h3 h6 19. h4 Rac8 20. Be2 Rcd8
21. Qc4 Qe7 22. b4 a6 23. Qc5 Qe6 24. Rd1 Qc8 25. Qc4 Rd6 26. a4 Qf5 27. a5 Qc8 28. e4 Qd8 29. Ba1 Qd7 30. Rd2 h5
31. f3 Ng6 32. Kf2 Rd8 33. Kg2 Qe8 34. Rhd1 Qe7 35. Qc5 Ne8 36. Qe3 R6d7 37. Bc3 Rd6 38. d4 Nxh4+ 39. gxh4 Qxh4 40. Rg1 Rg6+
41. Kf1 Rdd6 42. Bd1 Qh3+ 43. Rdg2 Nf6 44. Bd2 exd4 45. Qe2 Nxe4 46. Qxe4 Rxg2 47. Rxg2 Rg6 48. f4 Qh1+ 49. Kf2 Rxg2+ 50. Qxg2 Qxd1
51. Kg3 Qc2 52. Qe2 Kf8 53. Kf3 g6 54. Be1 Qb3+ 55. Kf2 Qd5 56. Qd3 Kg7 57. Kg1 Qd7 58. Bf2 Qg4+ 59. Kh1 Qxf4 60. Bxd4+ f6
61. Bc5 Qh4+ 62. Kg2 Qg4+ 63. Kf1 h4 64. Be3 g5 65. Qd6 Qf3+ 66. Bf2 Qh1+ 67. Bg1 Qh3+ 68. Kf2 Qf5+ 69. Ke3 Kg6 70. Qe7 Kh5
71. Qxb7 Qf1 72. Qh7+ Kg4 73. Qe4+ Kg3 74. Qh1 Qg2 75. Bh2+ Kh3 76. Qxg2+ Kxg2 77. Bc7 f5 78. Bd8 h3 79. Bxg5 h2 80. Kd4 h1=Q
81. Ke5 Qe1+ 82. Kxf5 Kf3 83. Bf6 Qxb4 84. Kg5 Qg4+ 85. Kh6 Ke4 86. Bg5 Kf5 87. Bd8 Qg6#
0-1

[Event "BADIJ"]
[Site "SchemingMind.com"]
[Date "2017.08.26"]
[Round "-"]
[White "flyinduck"]
[Black "JAHI"]
[Result "1-0"]
[WhiteCountry "CAN"]
[BlackCountry "INT"]
[WhiteElo "2031"]
[WhiteRD "67"]
[BlackElo "2172"]
[BlackRD "70"]
[GameID "417591"]

1. Nf3 h6 2. g3 d6 3. d4 Bg4 4. Bg2 Bxf3 5. Bxf3 c6 6. O-O Qc7 7. c4 c5 8. dxc5 dxc5 9. Nc3 Nc6 10. Bf4 Qd7
11. Qa4 Nd4 12. Nb5 Rc8 13. Qxa7 Nxf3+ 14. exf3 Qc6 15. Rfe1 e6 16. Rad1 Nf6 17. Re3 Nh5 18. Nd6+ Bxd6 19. Rxd6 Nxf4 20. Rxc6 bxc6
21. gxf4 Rd8 22. Qxc5 h5 23. Kf1 g6 24. Ra3 h4 25. Ra7 Rd1+ 26. Ke2 Rd7 27. Qxc6 Rh7 28. Qxd7+ Kf8 29. c5 e5 30. fxe5 Kg8
31. Qe8+ Kg7 32. Qxf7+ Kh6 33. Qf4+ g5 34. Qf6+ Kh5 35. Rxh7#
1-0

[Event "BADIJ"]
[Site "SchemingMind.com"]
[Date "2017.08.26"]
[Round "-"]
[White "JAHI"]
[Black "flyinduck"]
[Result "1-0"]
[WhiteCountry "INT"]
[BlackCountry "CAN"]
[WhiteElo "2184"]
[WhiteRD "73"]
[BlackElo "2053"]
[BlackRD "68"]
[GameID "417592"]

1. h3 Nf6 2. d3 d5 3. Bg5 e5 4. Bxf6 Qxf6 5. c3 Bc5 6. e3 O-O 7. d4 Bb6 8. Bd3 e4 9. Be2 Qg6 10. g3 c6
11. c4 dxc4 12. Bxc4 Be6 13. Bxe6 Qxe6 14. Ne2 Na6 15. a3 Rad8 16. Nf4 Qh6 17. Nc3 Nc5 18. Qc2 Ne6 19. Nxe4 Nxf4 20. gxf4 Rfe8
21. Rg1 Bxd4 22. Rd1 Bb6 23. Rd3 Kh8 24. Rg3 Qh5 25. Nd6 Rf8 26. Nxb7 Rxd3 27. Qxd3 Kg8 28. Kf1 g6 29. Kg2 c5 30. Rg5 Qh6
31. Nxc5 Rd8 32. Nd7 Qg7 33. Rd5 Re8 34. Qc2 Bd8 35. Qc6 Kh8 36. Nf6 Rf8 37. Ne8
1-0